Trasa Autobusu 128 Warszawa - Statystyki

Ogólne statystyki
  • Ten quiz został rozwiązany 22 razy
  • Średni wynik to 16 z 20
Statystyki odpowiedzi
Ulice Przystanki % Poprawnych
Aleje Jerozolimskie Centrum
95%
Aleje Jerozolimskie Dworzec Centralny
95%
Raszyńska Plac Zawiszy
95%
Krakowskie Przedmieście Uniwersytet
95%
Plac Piłsudskiego Plac Piłsudskiego
90%
Dickensa Dickensa
85%
Nowy Świat Foksal
85%
Aleje Jerezolimskie Krucza
85%
Aleje Jerozolimskie Plac Starynkiewicza
85%
Pruszkowska Pruszkowska
85%
Raszyńska Raszyńska
85%
Dickensa Szczęśliwice
85%
Żwirki i Wigury Pomnik Lotnika
80%
Żwirki i Wigury Banacha-Szpital
75%
Nowy Świat Ordynacka
75%
Żwirki i Wigury Uniwersytet Medyczny
75%
Krakowskie Przedmieście Hotel Bristol
70%
Pruszkowska Mołdawska
65%
Krakowskie Przedmieście Plac Zamkowy
65%
Pawińskiego Wiślicka
65%
Nie znaleziono quizów pasujących do podanych kryteriów
Rozkład punktacji
Procent ludzi z każdym wynikiem
Percentyl według liczby udzielonych odpowiedzi
Twoja historia wyników
Nie rozwiązałeś tego quizu